| 000 | 00787nam a22002177a 4500 | ||
|---|---|---|---|
| 003 | OSt | ||
| 005 | 20231002152339.0 | ||
| 008 | 231002b ||||| |||| 00| 0 spa d | ||
| 040 | _cCO-MqBPB | ||
| 041 | _aspa | ||
| 082 |
_a860.45 _bR27l |
||
| 100 |
_a Restrepo Duque, Hernán, _d 1927-1991. |
||
| 245 |
_a La lírica en la música popular colombiana ; Conferencia La lírica en la canción del interior / _cHernán Restrepo Duque |
||
| 260 |
_aBogotá : _bCasa de Poesía Silva _c1987 |
||
| 300 |
_a2 compact disc son. _b(67:18 ; 26:48 min.) : digital ; _c12 cm. |
||
| 490 | _a Voces para el tiempo | ||
| 500 | _a Conferencia realizada el 27 de Cctubre de 1987 | ||
| 650 |
_a Música popular colombiana _xHistoria y crítica |
||
| 650 | _aCompact disc | ||
| 942 |
_2ddc _cCDROM |
||
| 999 |
_c15032 _d15032 |
||